00304 a2200121 4500001000700000020001800007040001100025100002000036240005800056245005300114300000600167362000900173189941 a85-336-0610-9 cMagnum aBofane, in Koli10aPor que o leão deixou de ser o rei dos animaislpor10aPor que o leão deixou de ser o rei dos animais a 0 a1997